Les noms du Père Noël dans le monde - Click Quiz - Statistiques

Statistiques générales
  • Ce quiz a été pris 2 040 fois
  • Le résultat moyen est 10 sur 25
Statistiques - réponses
Hint Réponse % Correct
Père Noël Français
98%
Santa Claus Anglais
91%
Baba Noel (بابا نويل) Arabe
73%
Weinachtsmann Allemand
70%
San Nicolás Espagnol
68%
Shèngdàn lǎorén (圣诞老人) Chinois
63%
Santa-san (サンタさん) Japonais
61%
Ded Moroz (Дед Мороз) Russe
54%
Saint-Basil (Άγιος Βασίλης) Grec
50%
Babbo Natale Italien
45%
Pai Natal Portugais
43%
Santa Kullosu (산타 클로스) Coréen
41%
Ông già Noel Vietnamien
37%
Święty Mikołaj Polonais
36%
Joulupukki Finnois
31%
Tovlis Babua (თოვლის ბაბუა) Géorgien
26%
Djed Božičnjak Croate
24%
Kerstman Néerlandais
24%
Moș Crăciun Roumain
22%
Jultomten Suédois
19%
Dadabe noely Malgache
18%
Daidí na Nollaig Irlandais
14%
Babagjyshi i Krishtlindjeve Albanais
11%
Télapó Hongrois
8%
Şaxta Baba Azéri
7%
Aucun quiz correspondant
Distribution des résultats
% des personnes avec chaque résultat
Percentile par nombre de réponses
Votre historique - résultats
Vous n’avez pas pris ce quiz